Guess the Olivia Rodrigo Song with No Hints - 7 - Statistics

General Stats
  • This quiz has been taken 163 times
  • The average score is 275 of 360
Answer Stats
% Correct
I
100%
you
95%
the
92%
me
91%
we
88%
And
87%
go
87%
my
87%
love
86%
for
85%
in
85%
so
85%
your
85%
be
84%
I'm
83%
To
83%
to
83%
do
81%
could
80%
hear
80%
drive
79%
got
79%
like
79%
were
79%
we're
79%
But
78%
but
78%
can't
78%
Can't
78%
Just
78%
just
78%
no
78%
you're
78%
about
77%
how
77%
know
77%
one
77%
that
77%
this
77%
what
77%
'Cause
76%
'cause
76%
driver's
76%
ever
76%
last
76%
week
76%
always
74%
license
73%
talked
73%
Who
73%
never
72%
now
72%
Of
72%
said
72%
girl
71%
house
71%
I've
71%
oh
71%
see
71%
She's
71%
someone
71%
way
71%
with
71%
all
70%
forever
70%
past
70%
still
70%
alone
69%
didn't
69%
everything
69%
felt
69%
gone
69%
mean
69%
much
69%
stop
69%
street
69%
weren't
69%
are
67%
else
67%
face
67%
Guess
67%
guess
67%
okay
67%
perfect
67%
signs
67%
them
67%
excited
66%
finally
66%
imagine
66%
insecure
66%
lights
66%
than
66%
today
66%
Today
66%
up
66%
was
66%
wrote
66%
drove
65%
feel
65%
fuckin'
65%
song
65%
suburbs
65%
Yeah
65%
yeah
65%
babe
64%
blonde
64%
friends
64%
made
64%
they'll
64%
through
64%
used
64%
miss
63%
older
63%
Red
63%
sorry
63%
around
62%
doubt
62%
places
62%
voice
62%
Cryin'
60%
kinda
60%
probably
60%
tired
59%
hearing
58%
Over
57%
noise
56%
traffic
55%
white
55%
driving
53%
home
52%
laughing
52%
God
51%
blue
50%
cars
50%
crossed
49%
front
49%
ooh
49%
pictured
47%
Sidewalks
44%
yards
44%
No matching quizzes found
Score Distribution
Percent of People with Each Score
Percentile by Number Answered
Your Score History
You have not taken this quiz